00762nam a2200205Ia 4500003000900000008004100009040001600050080002300066245012800089260003900217300001600256650004100272650003100313650002500344650001800369700004000387942000700427999001500434952010700449IN-BaIIA211028s9999 xx 000 0 eng d cIIA Library a047.1:533.9bREV-4 0aReviews of plasma physicsbvol. 4, translated from Russian by Herbert Lashinskycedited by Mikhail Alexandrovich Leontovich aNew YorkbConsultants Bureauc1966 aviii, 241p. aAstronomy and Astrophysics Thesaurus aMagnetohydrodynamics91666 aPlasma physics93732 aPlasmas91898 aLeontovich, Acad. M. A., ed.910610 cBK c6137d6137 00104070aBANbBANcGENd1979-02-16l0o047.1:533.9/ REV-4p6849r2021-11-05w1979-02-16yBK 42.50